Fifth generation wafer architecture /

Salvato in:
Dettagli Bibliografici
Autore principale: Shute, M.J (Autore)
Natura: Libro
Lingua:inglese
Pubblicazione: New York : Prentice Hall, 1988
Tags: Aggiungi Tag
Nessun Tag, puoi essere il primo ad aggiungerne!!

MARC

LEADER 00000nam a22000003a 4500
001 stu3117
005 20150617225615.8
008 930212s1988----xxu-----------------eng-d
040 |a STU  |b slo 
041 0 |a eng 
044 |a xxu 
080 |a 681.322.02 
080 |a 621.382.049.77 
100 1 |a Shute, M.J  |4 aut 
245 1 |a Fifth generation wafer architecture /  |c [aut.] Shute,M.J 
260 |a New York :  |b Prentice Hall,  |c 1988 
300 |a 316 s 
996 |c I*8M3915  |l I  |s A  |a 24  |w stu3117_0001